00310nam a2200133Ia 4500008004100000020001800041082001700059100002100076245002700097250001200124260002300136300000900159650000800168191201s2010 xx 000 0 und d a9780070532465 a005.133bSCC aSCHILDT, Herbert 0aComplete Reference C++ aRep 2nd aN.DelhibTMHc2010 a1023 aMCA